000 00604nam a2200181Ia 4500
008 090123s9999 xx 000 0 und d
082 _b36920
_a891.463/तिबिले
100 _aतिबिले अनंत दत्तत्रय
245 _aगावकूस
250 _a1
260 _bअक्षता प्रकाशन
_c2004
300 _a174
600 _aतिबिले अनंत दत्तत्रय
630 _aगावकूस
700 _aतिबिले अनंत दत्तत्रय
730 _aगावकूस
942 _cBOOK
999 _c74987
_d74987